000
00322nam a22001457a 4500
003
SGT
020
_a
978-93-82443-21-6
082
_a
615.53
_b
A19S
100
_a
SHING,RAMHARSH
245
_a
AYURVEDA KA ITHIHAS
260
_a
VARANASI
_b
CHAUKHAMBHA PUB
_c
2019
300
_a
581
650
_a
AYURVEDA
942
_2
ddc
_c
BK
_0
17
999
_c
16545
_d
16545